Constitutional Law of India/ (Record no. 92107)

MARC details
000 -LEADER
fixed length control field 00822nam a22002417a 4500
005 - DATE AND TIME OF LATEST TRANSACTION
control field 20150822150953.0
008 - FIXED-LENGTH DATA ELEMENTS--GENERAL INFORMATION
fixed length control field 150305b xxu||||| |||| 00| 0 eng d
010 ## - LCCN (DPL NO)
LC control number B-598014
020 ## - INTERNATIONAL STANDARD BOOK NUMBER
Terms of availability 490.00
035 ## - SYSTEM CONTROL NUMBER
System control number B-598014
037 ## - SOURCE OF ACQUISITION
Source of stock number/acquisition UBH
040 ## - CATALOGING SOURCE
Original cataloging agency dpl
Language of cataloging en
082 ## - DEWEY DECIMAL CLASSIFICATION NUMBER
Classification number 342.54
100 ## - MAIN ENTRY--PERSONAL NAME
Personal name Pandey, J. N.
245 ## - TITLE STATEMENT
Title Constitutional Law of India/
Statement of responsibility, etc by J. N. Pandey; revised by S. S. Srivastava
250 ## - EDITION STATEMENT
Edition statement 51st ed
260 ## - PUBLICATION, DISTRIBUTION, ETC. (IMPRINT)
Place of publication, distribution, etc Allahabad
Name of publisher, distributor, etc Central Law Agency
Date of publication, distribution, etc 2014
270 ## - ADDRESS
Address 30-D/1, Moti Lal Nehru Road
City Allahabad-2
300 ## - PHYSICAL DESCRIPTION
Extent Iv; 851p
Dimensions 24cm(pbk)
700 ## - ADDED ENTRY--PERSONAL NAME
Dates associated with a name Srivastava, S. S.
942 ## - ADDED ENTRY ELEMENTS (KOHA)
Source of classification or shelving scheme Dewey Decimal Classification
Item type English Books
Classification part 342.54
Call number suffix PAN
Holdings
Withdrawn status Lost status Source of classification or shelving scheme Damaged status Not for loan Home library Current library Date acquired Source of acquisition Cost, normal purchase price Total Checkouts Total Renewals Full call number Barcode Date last seen Copy number Cost, replacement price Koha item type
    Dewey Decimal Classification     Sarojini Nagar Sarojini Nagar 05/03/2015 UBH/059/30.6.15/DPL/ZLS/RP/2015-16/1/46/29.6.15/14.7.15 490.00 22 22 342.54 PAN B-598014 02/05/2026 1 490.00 English Books

© Delhi Public Library
Hit Counter
free hit counter